Statistiken für Namen Historischer Figuren Quiz

Klicken Sie hier um das Quiz zu spielen!

Allgemein

  • Dieses Quiz wurde 9.724 mal gespielt
  • Das Durchschnittsergebnis liegt bei 18 aus 30

Antwortstatistiken

VornameNachname% Korrekt
AdolfHitler
97%
AbrahamLincoln
95%
AlbertEinstein
95%
Leonardoda Vinci
95%
GeorgeWashington
94%
WinstonChurchill
93%
ChristophKolumbus
91%
NelsonMandela
89%
Ludwigvan Beethoven
88%
NapoleonBonaparte
88%
WolfgangMozart
86%
CharlesDarwin
85%
WilliamShakespeare
85%
IsaacNewton
78%
JosefStalin
77%
ThomasEdison
66%
MargaretThatcher
60%
WladimirLenin
46%
BenitoMussolini
42%
VictorHugo
34%
SimónBolívar
30%
AnneBoleyn
28%
RenéDescartes
26%
AlexandreDumas
25%
IndiraGandhi
21%
MohandasGandhi
20%
UlyssesGrant
16%
NiccolòMachiavelli
14%
BenjaminDisraeli
9%
Hernandode Soto
5%

Verteilung der Resultate

Perzentil nach korrekt beantworteten Fragen

Anzahl Personen mit jedem Resultat

Ihre Resultats-Entwicklung

Sie haben dieses Quiz noch nicht gespielt